[Event "WCPL1920"]
[Site "?"]
[Date "2019.12.01"]
[Round "2.16"]
[White "Van Kemenade, Rudy"]
[Black "Fraser, Susanna"]
[Result "0-1"]
[WhiteElo "1900"]
[BlackElo "1600"]
[Annotator "kemen"]
[PlyCount "104"]
[EventDate "2019.10.??"]
[EventType "team-tourn"]
[EventCountry "WLS"]
[SourceVersionDate "2019.10.22"]
[WhiteTeam "Cardigan"]
[BlackTeam "Tiny Rex"]

{[%evp 0,104,33,33,33,33,13,22,8,3,3,3,2,-29,-3,-8,55,10,29,-4,7,-15,22,3,42,
31,33,33,38,38,103,103,140,115,120,87,88,88,88,96,94,93,161,161,197,208,241,
241,241,241,241,99,99,99,98,98,98,101,101,99,99,99,99,98,98,6,95,95,105,106,
107,76,125,94,117,92,129,-100,-100,-100,-108,-108,-108,-108,-108,-108,-108,
-114,-106,-106,-101,-684,-676,-692,-684,-699,-651,-670,-677,-813,-198,-210,
-248,-226,-225,-198,-290]} 1. e4 (1. f4 d5 2. Nf3 Nf6 3. g3 Bf5 {Van
Kemenaded-Fraser, Dyfed Open 2019,0-1}) 1... e5 2. Nf3 Nc6 3. Bc4 Bc5 4. c3 Nf6
5. d3 O-O 6. Bg5 d6 {2nd most frequent} (6... h6 {main}) (6... Be7 {safety,
though Wh still scores 69% with both} 7. Nbd2 {&} (7. O-O)) 7. Nbd2 Qe7 (7...
Be6 {main}) 8. O-O Be6 {main} (8... Nd8 {expected; akin to the Metzger unpin
in the 4Ns} 9. d4 Bb6 10. a4 (10. Bh4 Bg4 11. Qc2 c6 12. dxe5 dxe5 13. Bg3 Bc7
14. h3 Bh5 15. Nh4 b5 16. Bb3 Qc5 17. Nf5 $14 {Hanham-Rynd, Counties CA-16,
Nottingham 1886,1/2-1/2}) 10... a6 11. a5 Ba7 12. Re1 Ne6 13. Bh4 {
Gabrielan-Kosenko, Adygea blitz op Maikop 2019,1-0}) 9. Bb5 Bd7 (9... Nd8 10.
d4 {Rieken-Bauchmueller, Goch op 2011,1-0}) (9... a6 10. Bxc6 bxc6 11. d4 Bb6
12. dxe5 dxe5 13. Nxe5 {Poetsch-Stoll, GER ch U25, Oberhof, 2013,1-0}) 10. Ba4
Rad8 (10... h6 11. Bh4 a6 12. Re1 Ba7 13. Nf1 Rfe8 (13... b5 14. Bc2 Nd8 15. d4
g5 16. Bg3 Nc6 17. Ne3 Rae8 18. Nd5 {Pritchett-Singer, Wld ch Seniors 65+
Acqui Terme 2015,1-0}) 14. Ne3 Bxe3 15. Rxe3 Rad8 16. h3 $14 {Caruana-Stock,
Trieste op 2007,1-0 Both games beginning as a Ruy Lopez}) 11. Nc4 (11. b4 Bb6
12. h3) 11... a6 12. Ne3 (12. Bxc6 Bxc6 13. Na5 Rb8 14. Nxc6 bxc6 15. b4 Bb6
16. Qa4 $16 {Komodo13}) 12... Bxe3 13. fxe3 b5 (13... h6 {Bl should insert
this before it is no longer an option} 14. Bh4 Nb8 15. Bc2 Kh8 16. h3 $16 {
Stockfish10}) 14. Bc2 Bg4 (14... h6 15. Bh4 Bg4 16. h3 Bh5 17. Qe1 Bxf3 18.
Rxf3 g5 19. Qf2 Nd7 20. Bg3 Kg7 21. d4 $16) 15. h3 (15. Qe1 $18 {considered,
Komodo13 & Stockfish10} Nb8 (15... h6 {expected then by Wh would lose} 16. Bxf6
(16. Bh4 Bxf3 17. Rxf3 g5 18. Bg3 d5 $16 {calculated by Wh} 19. exd5 Nxd5 20.
Qf2 Kg7 21. d4 f6 22. e4 Nb6 23. d5 Na5 24. b3 c5 {Stockfish10 has still been
claiming a win throughout, but Bl looks to have been successfully digging in})
16... Qxf6 (16... gxf6 17. Qg3 $18) 17. Nd4 $18 {the idea missed by Wh}) (15...
Bc8 16. Nh4 Nb8 17. Qg3) 16. Qg3 Bc8 (16... Bxf3 17. Rxf3 Kh8 18. Qh4 Nbd7 19.
Raf1 Qe6 20. Bb3 Qg4 21. Qxg4 Nxg4 22. Bxd8 Rxd8 23. Rxf7 $18) 17. Nh4 (17. Nd4
$18 {is one of those Engine moves, Komodo13 & Stockfish10} Nxe4 18. Bxe7 Nxg3
19. hxg3 exd4 20. Bb3 Be6 21. cxd4 $18) 17... Kh8 18. Rf3 Be6 19. d4 Rg8 20.
Raf1 $18 {surely there must be a breakthrough on the K side} Rde8 21. d5 Bc8
22. Ng6+ fxg6 23. Rxf6 gxf6 24. Bxf6+ Qxf6 25. Rxf6 $18 {Stockfish10}) 15...
Bh5 16. g4 Bg6 17. Nh4 (17. Nd2 {also, suggested by both Engines}) 17... d5 18.
exd5 Rxd5 19. Bxf6 gxf6 20. Nf5 Qd8 (20... Bxf5 21. Rxf5 Rd6 22. Qf1 (22. Qe2
Nb8 23. Raf1 Nd7 24. h4 h6 25. Bb3 Kg7 26. g5 Rh8 27. Qh5 c5 (27... hxg5 28.
Rxg5+ $18) 28. Bd5 Kf8 29. c4 $18 {Stocckfish10}) 22... Kg7 23. Qf2 h6 24. Rf1
Re8 25. Kh2 $16 {Komodo13} (25. h4 Rg8 26. d4 Kf8 27. Qf3 exd4 28. exd4 Re6 29.
Kg2 Re2+ 30. Rf2 Rxf2+ 31. Kxf2 Nd8 {Stockfish10 claims win , still looks
unclear as to how})) 21. Qf3 $18 Bxf5 22. Qxf5 Kg7 (22... Ne7 23. Qxf6 Ng6 24.
d4 $18 {Komodo13}) 23. d4 Rh8 24. Be4 Rd6 25. Bxc6 (25. g5 $18 {Komodo13 &
Stockfish10- considered} exd4 26. exd4 (26. gxf6+ Kf8 27. exd4 Nb8 28. Qh5 Rxf6
29. Kh1 Qd6 30. Rxf6 Qxf6 31. Bg2 Qg6 32. Qh4 Nc6 33. Rf1 Ne7 34. Be4 f5 35.
Bxf5 Nxf5 36. Qd8+ Kg7 37. Qxc7+ Kh6 38. Qf4+ Qg5 39. Qxf5 $18 {both Engines}))
(25. Rf2 exd4 26. exd4 Ne7 27. Qf3 Ng6 28. Raf1 Re8 29. Bc2 $14 {Komodo13 &
Stockfish10}) 25... Rxc6 26. dxe5 Re8 27. Rad1 Qe7 28. exf6+ (28. Rd5 Re6 (
28... fxe5 29. Rd7 $18) 29. exf6+ Rxf6 30. Qxf6+ Qxf6 31. Rxf6 Kxf6 32. Kf2 $16
) 28... Qxf6 (28... Rxf6) 29. Qd7 (29. Rd7 $18 Rf8 (29... Qxf5 30. Rxf5 Rf6 31.
Rxf6 Kxf6 32. Kf2 Rc8 33. e4 Ke6 34. Rd5 $18 {favourable to Wh, but Bl has
holding chances}) 30. Qxf6+ Rxf6 31. Rxf6 Kxf6 32. Rxc7 Rd8 33. Rc6+ Ke7 34.
Rxa6 Rd1+ 35. Kg2 Rd2+ 36. Kf3 Rxb2 37. h4 $18 {Stockfish10}) 29... Qe6 30.
Rxf7+ Qxf7 31. Qxc6 Rxe3 32. Qd7 Re7 33. Qd4+ Kg8 34. Rf1 Qe6 35. Qf6 Qe3+ 36.
Qf2 Qh6 37. Qf6 (37. Qf5) (37. Qf4) 37... Qe3+ 38. Rf2 $2 (38. Kg2 {original
plan} Re8 (38... Qe4+ 39. Kg3 Qe5+ 40. Kh4 Qxf6+ 41. Rxf6 Re2 42. Rxa6 Rxb2 43.
a4 bxa4 44. Rxa4 Rb6 45. Rc4 Rh6+ 46. Kg3 c6 $18 {but maybe it takes a GM to
do so})) 38... Qg3+ $19 39. Kf1 Qxh3+ 40. Kg1 Re1+ 41. Rf1 Qxg4+ 42. Kh2 Qe2+
43. Rf2 Qh5+ 44. Kg3 (44. Kg2 Qg4+ 45. Kh2 Qg1+ 46. Kh3 Qh1+ 47. Kg4 Qe4+ 48.
Qf4 h5+ 49. Kxh5 Rh1+ 50. Kg4 Qg6+ 51. Kf3 Qd3+ 52. Qe3 Rh3+) 44... Rg1+ 45.
Kf4 (45. Rg2 Rxg2+ 46. Kxg2 Qg6+ $19) 45... Qg4+ 46. Ke3 (46. Ke5 Re1+ 47. Kd5
Qc4#) 46... Re1+ 47. Kd3 Qd7+ (47... Qd1+ 48. Rd2 Qb1+ 49. Rc2 Rd1+ 50. Ke3
Qxc2) 48. Qd4 Rd1+ 49. Rd2 Rxd2+ (49... Qf5+ 50. Ke3 Re1+ 51. Re2 Qe6+) 50.
Kxd2 Qxd4+ 51. cxd4 Kf7 52. Ke3 Ke6 0-1

[Event "WCPL1920"]
[Site "?"]
[Date "2019.12.01"]
[Round "2.17"]
[White "McIntosh, David"]
[Black "Watkin-Jones, Adam"]
[Result "1/2-1/2"]
[WhiteElo "1555"]
[BlackElo "1792"]
[Annotator "kemen"]
[PlyCount "64"]
[EventDate "2019.10.??"]
[EventType "team-tourn"]
[EventCountry "WLS"]
[SourceVersionDate "2019.10.22"]
[WhiteTeam "Tiny Rex"]
[BlackTeam "Cardigan"]

{[%evp 0,64,19,9,76,48,36,45,41,37,50,23,47,47,65,64,95,53,73,36,67,16,30,23,
23,23,15,11,-2,-53,-51,-54,-59,-55,-43,-46,-25,-23,15,-4,-12,-14,-5,-14,-14,
-47,44,51,42,41,35,52,137,135,144,69,62,45,40,60,39,9,15,21,15,20,21]} 1. d4 g6
2. c4 Bg7 3. Nf3 d6 4. Nc3 Nc6 (4... Nf6 {normal King's Indian}) 5. e3 {
both sides seem wary of walking into prepared analysis} (5. d5) (5. e4) 5... e5
6. d5 (6. Be2) 6... Nb8 {a minority choice} (6... Nce7 {seems more natural,
with Wh scoring 40%}) 7. e4 a5 (7... Ne7 8. Be2 {transposes; 13 Wh wins,3
draws, 8 Bl wins}) (7... Nf6 8. Bd3 {2-0}) 8. a3 (8. c5 $16 {Komodo13- the
standard opening of the c file comes early for Wh}) 8... Ne7 (8... Nf6) (8...
h6 9. c5 Nf6 (9... f5 {looks too risky}) 10. h3 O-O 11. Be3 $16) (8... Na6 {
Komodo13}) 9. Bd2 {Stockfish10} (9. Be3 {Rudy}) (9. c5 {Komodo13}) 9... f5 10.
b4 (10. Ng5 O-O 11. exf5 gxf5 12. Ne6 Bxe6 13. dxe6 Na6 14. Bg5 $11 {despite
Wh's underdevelopment}) (10. h4 h6 11. h5 g5 12. exf5 Bxf5 13. Be3 Nd7 14. Nd2
Nf6 15. Be2 $14 {Komodo13}) 10... axb4 (10... O-O) 11. axb4 Rxa1 12. Qxa1 O-O
13. Qc1 Nd7 {Komodo13} (13... c6 {Stockfish10}) 14. Bh6 (14. Bg5 {both Engines}
) 14... Nf6 $15 {it has taken Bl 2 extra moves to get the Ns into this
formation, compared with 6...Nce7} 15. Bxg7 Kxg7 16. Bd3 fxe4 (16... b5 $17 {
both Engines- breaking the centre while the Wh K is still there}) (16... c6 $17
) (16... f4 $5 {Rudy, carrying on with the plan as the K side is where Bl must
be playing}) 17. Nxe4 Nxe4 (17... Nh5 $17 {Stockfish10 & Komodo13}) 18. Bxe4
Nf5 (18... Bg4 {Rudy} 19. Nd2 Bf5 20. O-O b5 $11) (18... Bf5 $15 {both Engines}
) 19. h4 {an interesting way to bring the R into operation- so far Wh has been
resiting 0-0 so as not to allow Bl's standard pawn advances there} Nd4 (19...
h6 {is the normal reaction, to prevent the h file opening- both Engines}) 20.
h5 (20. Nxd4 exd4 21. h5 Qf6 22. f3 Bf5 23. hxg6 Qxg6 24. Bxf5 Rxf5 25. Qd2
Re5+ 26. Kf2 Qf6 27. Rd1 Re4 $11 {Komodo13}) 20... Nxf3+ (20... Rf4 $15 {
both Engines}) 21. Bxf3 (21. gxf3 $11 {is not a bad alternative}) 21... Qf6 (
21... gxh5 {both Engines} 22. Bxh5 (22. Rxh5 Qf6 $15) 22... Qf6 23. Qe3 Qf4 24.
Qxf4 Rxf4 25. Be2 Rd4 $11) (21... g5 22. h6+ Kh8 23. Rh5 {looks more
impressive than it is} Rf4 {Julie & Wh has to be careful as his forces are
split up} 24. Be2 $11) 22. hxg6 (22. h6+ {both Engines} Kg8 23. O-O $11) 22...
hxg6 (22... Qxg6 $15 23. Be2 Rf4 24. g3 Rd4 25. O-O Bf5 {Komodo13}) 23. Qh6+
Kf7 24. Qh7+ Qg7 25. Be4 Rg8 $2 (25... Kf6 26. Qh4+ g5 27. Qh7 Qxh7 28. Rxh7
Rf7 (28... Bf5 29. Bxf5 Kxf5 30. Rxc7 Ke4 31. Ke2 b5 32. c5 Kxd5 33. cxd6 Kxd6
34. Rc5 $14) 29. Rh6+ Ke7 30. Bg6 Rg7 31. Be4 $11 {nothing much happening}) 26.
Bxg6+ $16 Kf6 27. Qxg7+ (27. Be4 $1 {usual principle- let your opponent do the
exchanging (as it brings pieces into place)} Qxh7 28. Rxh7 Bf5 29. Bxf5 Kxf5
30. Rxc7 Ke4 (30... Rxg2 31. c5 $18) 31. g3 Ra8 32. b5 $18 {Komodo13}) 27...
Rxg7 28. Bd3 (28. Rh8 Bd7 29. Be4 Rg4 30. f3 Rxg2 31. Rb8 b6 32. Rb7 Bf5 33.
Rxc7 Bxe4 34. fxe4 Rg4 35. Kd2 Rxe4 36. Rc6 Ke7 {and Bl holds}) (28. Be4 Bf5 (
28... Rg4 29. f3 Rxg2 30. Rh7 Rg7 31. Rh8 Bd7 32. c5 $14) 29. Bxf5 Kxf5 30. g3
Rg4 31. c5 (31. Rh4 Rxh4 32. gxh4 Kg4 $11) 31... Re4+ 32. Kd2 Rxb4 33. Rh7 Rd4+
34. Ke3 Rxd5 35. cxd6 cxd6 36. Rxb7 $11) 28... Rxg2 29. Rh6+ Kf7 30. Rh7+ Rg7
31. Rh8 Rg8 32. Rh7+ Rg7 $11 1/2-1/2

[Event "WCPL1920"]
[Site "?"]
[Date "2019.12.01"]
[Round "2.18"]
[White "Haigh, Tony"]
[Black "Fowler, Caspian"]
[Result "1-0"]
[WhiteElo "1760"]
[BlackElo "1482"]
[Annotator "kemen"]
[PlyCount "53"]
[EventDate "2019.10.??"]
[EventType "team-tourn"]
[EventCountry "WLS"]
[SourceVersionDate "2019.10.22"]
[WhiteTeam "Cardigan"]
[BlackTeam "Tiny Rex"]

{[%evp 0,13,19,37,29,-9,-6,-9,43,21,29,25,66,66,66,66]} 1. d4 Nf6 2. Bg5 Ne4 3.
Bf4 c5 4. f3 Nf6 {seen as less accurate in the theory books} (4... Qa5+ {
forces some Wh pieces into less active squares than they get in the text} 5. c3
(5. Nd2)) 5. dxc5 (5. d5 {may be even stronger}) 5... Qa5+ 6. Qd2 (6. Nc3) 6...
Qxc5 7. e4 (7. Nc3 d6 8. e4 g6 9. O-O-O Nc6 10. Nb5 Qb6 11. e5 $1 dxe5 12. Be3
Nd4 13. Nxd4 exd4 14. Bxd4 Qc7 15. Be5 {Haigh-Cadden, Dyfed Open 2013,1-0} (15.
Bxf6)) 7... Nc6 (7... e5 {Cloud Engines}) 8. Nc3 (8. Be3 {Cloud Engines}) 8...
d6 (8... Qa5 9. Nb5 $1 (9. Bc4 a6 10. Nge2 b5 11. Bb3 e6 12. O-O $11 (12. O-O-O
$16) 12... Bc5+ 13. Kh1 {Weller-Robson, 4NCL 2013,1-0}) 9... Qxd2+ 10. Kxd2 Kd8
(10... e5) 11. Bc7+ Ke8 12. Bg3 (12. Bb6) 12... Kd8 13. Bc4 e6 14. Rd1 Bb4+ (
14... Bc5) 15. Kc1 (15. c3 $18) 15... a6 16. Nd6 Ke7 17. c3 Bc5 18. Be2 (18. b4
) 18... Nh5 19. Be1 $2 Bxd6 20. Bh4+ f6 {Haigh-Howell, SWPL 2005,0-1}) 9. O-O-O
Bd7 (9... Be6 {main}) 10. Bb5 $146 (10. g4 {Stockfish10; 3-1}) 10... Qb6 (10...
g6 11. Nge2 $16 {Stockfish10}) 11. Nge2 Na5 {Bl sees a possibility, but things
shouldn't work when so far behind in development} 12. Bxd7+ (12. e5 Bxb5 13.
exf6 e6 14. Nxb5 Qxb5 15. Nd4 Qa4 16. b3 Qxa2 17. Qc3 $18 {Stockfish10}) 12...
Nxd7 13. Nd5 {Bl is given no time to get in Nc5 threatening Qb2 mate} Qd8 14.
Rhe1 {centralization} (14. Nd4) (14. h4) (14. Bg5) 14... Nf6 15. Nec3 $18 a6
16. e5 Nxd5 17. Nxd5 e6 18. exd6 Bxd6 19. Bxd6 Nc4 20. Qc3 (20. Nc7+ Qxc7 21.
Bxc7 Nxd2 22. Rxd2 {wins a piece, the text is stronger}) 20... Rc8 21. Qxg7 (
21. Be7 $1 {Stockfish10 wins a Q}) 21... Nxd6 22. Qxh8+ (22. Rxe6+ $1 fxe6 23.
Nf6+ {Stockfish10}) (22. Nf4 Qc7 23. Qxh8+ Kd7 24. Qxh7 {Stockfish10}) 22...
Kd7 23. Qxd8+ (23. Qxh7) (23. Nf6+) 23... Kxd8 24. Nf6 (24. Nb6 Rc6 25. Nc4)
24... Ke7 25. Ne4 Nxe4 26. Rxe4 Rg8 27. Rg4 1-0